000 03328nam a2200481Ii 4500
001 DIGIBE0631
003 NyNyDIG
006 m o d
007 cr |||||||||||
008 140101s2011 sp a ob 100 0 spa d
020 _a9783954871155
_q(eBook)
020 _z9788484896135
_q(Iberoamericana)
020 _z8484896137
_q(Iberoamericana)
020 _z9783865276674
_q(Vervuert)
020 _z3865276679
_q(Vervuert)
035 _a(OCoLC)888240781
040 _aDGITA
_beng
_epn
_cDGITA
043 _ae-po---
_ae-sp---
_anc-----
_an-mx---
_acl-----
050 1 4 _aF1409.7 eBook
245 0 0 _aDiscursos coloniales :
_btexto y poder en la América hispana /
_cPilar Latasa (ed.)
264 1 _a[Pamplona] :
_bUniversidad de Navarra ;
_aMadrid :
_bIberoamericana :
_bFrankfurt am Main :
_bVervuert,
_c2011..
300 _a1 online resource (190 pages) :
_bill. (some col.)
336 _atext
_btxt
_2rdacontent
337 _acomputer
_bc
_2rdamedia
338 _aonline resource
_bcr
_2rdacarrier
490 1 _aBiblioteca indiana ;
_v31
500 _aSelected papers presented at the Congreso Internacional Viejo Mundo y Nuevo Mundo en las Crónicas de Indias, held in Providence, 2010.
504 _aIncludes bibliographical references.
505 0 0 _tPreface /
_rTed Widmer --
_tDiscurso coloniales : algunas consideraciones /
_rPilar Latasa --
_tEl arte gráfico de la Historia antigua de México (1780-1781) de Francisco Javier Clavigero /
_rRolena Adorno --
_tCrónicas de Indias y relatos de viaje : un mestizaje genérico /
_rLuis Albuquerque --
_tPlantas en la Breve relación del capitán Juan Recio de León, 1623 /
_rGabriel Arellano --
_tEl bautizo del Nuevo Mundo : hacia una tipología de la temprana toponimia americana /
_rÁngel Delgado Gómez --
_tCharcas reinvindicada : historia local y discurso criollo en las Noticias políticas de Pedro Ramírez del Águila /
_rPilar Latasa --
_tVisión del mundo y paradigmas culturales en la capitulación de Juan Ponce de León sobre la conquista de la Florida (1513) /
_rRaúl Merrero-Fente --
_tMezquitas, agravios y traiciones : sobre el discurso cabbaleresco en las crónicas de la conquista /
_rJosé Antonio Mazzotti --
_tAcerca de las traducciones de Acosa (1590) : ¿tradiciones o traiciones? /
_rFermín del Pino-Díaz --
_tLa estela de Ambrosio de Morales en La Florida del Inca /
_rFernando Rodríguez Mansilla --
_tAmérica en la política internacional española de la primera mitad del siglo XVII a través de las crónicas y relaciones de sucesos /
_rJesús Ma. Usunáriz.
651 0 _aLatin America
_xHistory
_yTo 1830
_xHistoriography
_vCongresses.
651 0 _aLatin America
_xHistory
_yTo 1830
_vSources
_vCongresses.
651 0 _aSpain
_xColonies
_zAmerica
_vSources
_vCongresses.
651 0 _aAmerica
_vEarly accounts to 1600
_vCongresses.
655 0 _aElectronic books.
700 1 _aLatasa Vassallo, Pilar.
791 2 _aDigitalia (Firm),
_edistributor.
711 2 _aCongreso Internacional Viejo Mundo y Nuevo Mundo en las Crónicas de Indias
_d(2010 :
_cProvidence, R.I.)
830 0 _aBiblioteca indiana (Pamplona, Spain) ;
_v31.
793 0 _gDigitalia eBook Collection:
_aIberoamericana/Vervuert.
856 4 0 _3Digitalia Hispánica
_uhttps://www.digitaliapublishing.com/a/23339/
910 _aPremium Collection: 2007-2012
942 _cRAA
999 _c237654
_d237654